000 00312nam a22001457a 4500
008 210226b ||||| |||| 00| 0 eng d
020 _a9781133949251
041 _aeng
080 _28th
_a61
082 _a61
100 _a3
101 _aSHM
245 _aAn invitation to health
_cHales.D
942 _2udc
_cBK
999 _c55283
_d55283